<?xml version="1.0" encoding="UTF-8"?>
<collection xmlns="http://www.loc.gov/MARC21/slim">
  <record>
    <leader>00000nam  2200000   4500</leader>
    <controlfield tag="001">INLIS000000000020587</controlfield>
    <controlfield tag="005">20250723122140</controlfield>
    <datafield tag="035" ind1="#" ind2="#">
      <subfield code="a">0010-0725000117</subfield>
    </datafield>
    <controlfield tag="007">ta</controlfield>
    <controlfield tag="008">250723################|##########|#|##</controlfield>
    <datafield tag="084" ind1="#" ind2="#">
      <subfield code="a">R 0002 PKA 2024</subfield>
    </datafield>
    <datafield tag="100" ind1=" " ind2="#">
      <subfield code="a">Yosef Zulkarnain</subfield>
    </datafield>
    <datafield tag="245" ind1="1" ind2="#">
      <subfield code="a">Optimalisasi Peningkatan Kinerja Layanan Melalui Pengembangan Sistem Informasi Perencanaan dan Pengendalian Kinerja (Sirika) Sekretariat Jenderal Kementerian Dalam Negeri /</subfield>
      <subfield code="c">Yosef Zulkarnain</subfield>
    </datafield>
    <datafield tag="260" ind1="#" ind2="#">
      <subfield code="a">Jakarta :</subfield>
      <subfield code="b">Pusbangkom Pimnas dan Manajerial ASN,</subfield>
      <subfield code="c">2024</subfield>
    </datafield>
    <datafield tag="300" ind1="#" ind2="#">
      <subfield code="a">20 hlm. ;</subfield>
      <subfield code="c">30 cm</subfield>
    </datafield>
    <datafield tag="650" ind1="#" ind2="4">
      <subfield code="a">Sistem Informasi Perencanaan</subfield>
    </datafield>
    <datafield tag="520" ind1="#" ind2="#">
      <subfield code="a">Kondisi saat ini, masih sering terjadi hambatan pada proses monitoring dan evaluasi yang dilakukan berupa tidak tersediannya dokumen-dokumen perencanaan yang dibutuhkan karena manajemen pengelolaan data dan dokumen perencanaan, anggaran, monitoring dan evaluasi masih dilakukan dengan mekanisme yang berbeda-beda dan terpisah. Dengan banyaknya dokumen-dokumen perencanaan, idealnya diperlukan manajemen arsip yang baik terhadap dokumen perencanaan, data, maupun informasi yang dibutuhkan untuk mendukung kegiatan monitoring dan evaluasi hingga tahap pelaporan dapat ebrjalan secara efisien dan tepat waktu.</subfield>
    </datafield>
    <datafield tag="990" ind1="#" ind2="#">
      <subfield code="a">2024/1.2.3/A/0002</subfield>
    </datafield>
  </record>
</collection>
